La cometa

Saved in:
Bibliographic Details
Format: Book
Language:Spanish
Published: Beijing En Lenguas Extranjeras 1989
Series:Presencia de China
Subjects:
Tags: Add Tag
No Tags, Be the first to tag this record!

MARC

LEADER 00000nam a2200000 a 4500
001 UCL4779
003 CL-VaPUC
008 040227e19890000CH |||||||||||||||||spa|d
020 |a 7119009273 
082 0 4 |a 745.592  |b COM  |2 21 
245 1 3 |a La cometa 
300 |a 12 p 
942 |c BK 
945 |d 20040227 00:00:00  |a cmena 
260 |a Beijing  |b En Lenguas Extranjeras  |c 1989 
650 7 |a COMETAS  |2 CL-VaPUC  |9 369725 
650 0 |a Artesanía  |9 353181 
650 7 |a ELABORACION DE COMETAS  |2 CL-VaPUC  |9 482436 
650 0 |a Costumbres y tradiciones   |9 268292 
651 0 |a China   |9 257545 
583 |a last modification  |c 20040227 00:00:00  |k Rodrigo Vera 
490 0 |a Presencia de China 
999 |c 307549  |d 307547 
952 |0 0  |1 0  |4 0  |6 745_592000000000000_COM_1989  |7 0  |8 A  |9 373565  |a BIBGIM  |b BIBGIM  |d 2019-11-21  |i 3972259  |o 745.592 COM 1989  |p 3972259  |r 2025-01-15  |w 2019-11-21  |y BK  |k ORI